[Event "North American op 32nd"]
[Site "Las Vegas"]
[Date "2022.12.27"]
[Round "4"]
[White "Fernandez de La Vara, Arnaldo"]
[Black "Sorokin, Aleksey"]
[Result "1/2-1/2"]
[WhiteElo "2462"]
[BlackElo "2537"]
[PlyCount "43"]
[EventDate "2022.12.26"]
[EventType "swiss"]
[EventRounds "9"]
[EventCountry "USA"]
[SourceTitle "CBM 211 Extra"]
[Source "ChessBase"]
[SourceDate "2023.01.31"]
[SourceVersion "1"]
[SourceVersionDate "2023.01.31"]
[SourceQuality "1"]

1. d4 Nf6 2. Nf3 g6 3. c4 Bg7 4. g3 0-0 5. Bg2 c6 6. Nc3 d5 7. cxd5 cxd5 8. Ne5 Bf5 9. 0-0 Ne4 10. Qb3 Nc6 11. Rd1 Nxd4 12. Rxd4 Nxc3 13. bxc3 Bxe5 14. Rxd5 Qc7 15. Bh6 Be6 16. Bxf8 Rxf8 17. Rad1 Bxd5 18. Qxd5 b6 19. Qd7 Rc8 20. Bb7 Qxd7 21. Rxd7 Rc7 22. Rxc7 1/2-1/2

[Event "Titled Tuesday intern op 20th Dec Early"]
[Site "Chess.com INT"]
[Date "2022.12.20"]
[Round "11"]
[White "Donchenko, Alexander"]
[Black "Fernandez de La Vara, Arnaldo"]
[Result "1-0"]
[WhiteElo "2636"]
[BlackElo "2462"]
[PlyCount "89"]
[EventDate "2022.12.20"]
[EventType "swiss (blitz)"]
[EventRounds "11"]
[EventCountry "USA"]
[SourceTitle "EXT 2024"]
[Source "ChessBase"]
[SourceDate "2023.10.10"]
[SourceVersion "1"]
[SourceVersionDate "2023.10.10"]
[SourceQuality "1"]

1. Nf3 c5 2. c4 Nf6 3. g3 g6 4. Bg2 Bg7 5. 0-0 d6 6. d4 cxd4 7. Nxd4 0-0 8. Nc3 Nc6 9. Nxc6 bxc6 10. Bxc6 Bh3 11. Bxa8 Qxa8 12. f3 Bxf1 13. Kxf1 Ng4 14. Kg2 Ne5 15. Qd5 Rc8 16. Qxa8 Rxa8 17. c5 dxc5 18. Na4 Nc4 19. Rb1 Rd8 20. Bg5 f6 21. Bf4 g5 22. Rc1 Nxb2 23. Nxb2 gxf4 24. Rc2 fxg3 25. hxg3 f5 26. Nd3 Bd4 27. Rc4 e5 28. f4 e4 29. Nxc5 Bxc5 30. Rxc5 Rd2 31. Kf2 Rxa2 32. Rxf5 a5 33. Re5 Ra4 34. g4 Kg7 35. Ke3 Rb4 36. Rxa5 h6 37. Re5 Rb3+ 38. Kxe4 Rg3 39. g5 h5 40. Re7+ Kg8 41. Re6 h4 42. Rh6 h3 43. Kf5 Re3 44. Kg4 Rxe2 45. Rxh3 1-0

[Event "Titled Tuesday intern op 20th Dec Early"]
[Site "Chess.com INT"]
[Date "2022.12.20"]
[Round "3"]
[White "Fernandez de La Vara, Arnaldo"]
[Black "Berezin, Viktor1111"]
[Result "1-0"]
[WhiteElo "2462"]
[BlackElo "2307"]
[PlyCount "103"]
[EventDate "2022.12.20"]
[EventType "swiss (blitz)"]
[EventRounds "11"]
[EventCountry "USA"]
[SourceTitle "EXT 2024"]
[Source "ChessBase"]
[SourceDate "2023.10.10"]
[SourceVersion "1"]
[SourceVersionDate "2023.10.10"]
[SourceQuality "1"]

1. Nf3 Nf6 2. g3 g6 3. b3 Bg7 4. Bb2 0-0 5. Bg2 d6 6. d4 Nc6 7. c4 e5 8. dxe5 Ng4 9. 0-0 Ngxe5 10. Qd2 Nxf3+ 11. Bxf3 Bh3 12. Re1 Re8 13. Bxg7 Kxg7 14. Nc3 Rb8 15. Rad1 h5 16. Nd5 Ne5 17. Qc3 f6 18. Bg2 Bxg2 19. Kxg2 h4 20. c5 c6 21. Nf4 d5 22. e4 hxg3 23. hxg3 g5 24. Nh5+ Kg6 25. exd5 cxd5 26. Rd4 Qd7 27. Qc2+ f5 28. Qd1 Nc6 29. Rxe8 Qxe8 30. Rxd5 Qe4+ 31. f3 Qe3 32. Rd6+ Kf7 33. Rf6+ Ke8 34. Re6+ Qxe6 35. Ng7+ Kf7 36. Nxe6 Kxe6 37. Qd6+ Kf7 38. Qh6 g4 39. Qh7+ Ke6 40. fxg4 fxg4 41. Qg6+ Kd5 42. Qxg4 Kxc5 43. Qf5+ Kb6 44. g4 Re8 45. g5 Re5 46. Qf6 Re2+ 47. Kf1 Rxa2 48. g6 Ra5 49. g7 Kb5 50. g8Q Kb4 51. Qc4+ Ka3 52. Qa1# 1-0

[Event "Titled Tuesday intern op 20th Dec Late"]
[Site "Chess.com INT"]
[Date "2022.12.20"]
[Round "11"]
[White "Janaszak, Dawid"]
[Black "Fernandez de La Vara, Arnaldo"]
[Result "0-1"]
[WhiteElo "2322"]
[BlackElo "2462"]
[PlyCount "86"]
[EventDate "2022.12.20"]
[EventType "swiss (blitz)"]
[EventRounds "11"]
[EventCountry "USA"]
[SourceTitle "EXT 2024"]
[Source "ChessBase"]
[SourceDate "2023.10.10"]
[SourceVersion "1"]
[SourceVersionDate "2023.10.10"]
[SourceQuality "1"]

1. d4 c5 2. dxc5 Nf6 3. Nc3 Qa5 4. g3 Ne4 5. Bd2 Nxd2 6. Qxd2 Qxc5 7. Bg2 Nc6 8. Nf3 g6 9. Nd5 Qd6 10. 0-0 Bg7 11. c3 0-0 12. Rad1 Qb8 13. Qg5 Re8 14. h4 d6 15. h5 Be6 16. hxg6 hxg6 17. Qh4 Bxd5 18. Rxd5 e6 19. Rd2 d5 20. e4 dxe4 21. Qxe4 Qc7 22. Rfd1 Rad8 23. Qh4 Rxd2 24. Rxd2 Qe7 25. Qxe7 Rxe7 26. Ng5 Bh6 27. Bxc6 Bxg5 28. Rd8+ Kg7 29. Bf3 b6 30. Be2 Bc1 31. b3 Rc7 32. c4 Kf6 33. Bf3 Ba3 34. Rb8 Rd7 35. Rb7 Rd2 36. Rxa7 Bc5 37. Bc6 Rxf2 38. Kh1 Kg5 39. Be8 Kg4 40. Rxf7 Rxa2 41. Rg7 g5 42. Bd7 Be3 43. Bxe6+ Kxg3 0-1

[Event "Titled Tuesday intern op 20th Dec Early"]
[Site "Chess.com INT"]
[Date "2022.12.20"]
[Round "1"]
[White "Mrudul, Dehankar"]
[Black "Fernandez de La Vara, Arnaldo"]
[Result "0-1"]
[WhiteElo "2126"]
[BlackElo "2462"]
[PlyCount "56"]
[EventDate "2022.12.20"]
[EventType "swiss (blitz)"]
[EventRounds "11"]
[EventCountry "USA"]
[SourceTitle "EXT 2024"]
[Source "ChessBase"]
[SourceDate "2023.10.10"]
[SourceVersion "1"]
[SourceVersionDate "2023.10.10"]
[SourceQuality "1"]

1. e4 c5 2. Nf3 e6 3. d4 cxd4 4. Nxd4 a6 5. Nc3 Qc7 6. f4 d6 7. Be2 Nf6 8. Be3 Nbd7 9. 0-0 b5 10. Bf3 Bb7 11. a3 Nc5 12. e5 dxe5 13. fxe5 Qxe5 14. Bf4 Bxf3 15. Rxf3 Qh5 16. Nc6 Rc8 17. Ne5 Be7 18. h3 g5 19. g4 Qh6 20. Be3 Qg7 21. Qd4 0-0 22. Raf1 Rcd8 23. Qb4 Nd5 24. Nxd5 Rxd5 25. Nc6 Bd6 26. c4 bxc4 27. Qxc4 Qxb2 28. R3f2 Qb5 0-1

[Event "Titled Tuesday intern op 20th Dec Early"]
[Site "Chess.com INT"]
[Date "2022.12.20"]
[Round "9"]
[White "Ovetchkin, Roman"]
[Black "Fernandez de La Vara, Arnaldo"]
[Result "0-1"]
[WhiteElo "2518"]
[BlackElo "2462"]
[PlyCount "136"]
[EventDate "2022.12.20"]
[EventType "swiss (blitz)"]
[EventRounds "11"]
[EventCountry "USA"]
[SourceTitle "EXT 2024"]
[Source "ChessBase"]
[SourceDate "2023.10.10"]
[SourceVersion "1"]
[SourceVersionDate "2023.10.10"]
[SourceQuality "1"]

1. d4 c5 2. d5 Nf6 3. Nc3 a6 4. e4 d6 5. a4 g6 6. h3 Bg7 7. Nf3 0-0 8. Bc4 Nbd7 9. 0-0 Ne8 10. Bf4 Nc7 11. Qd2 Rb8 12. Bh6 b5 13. Bxg7 Kxg7 14. axb5 axb5 15. Be2 Nb6 16. b3 Bd7 17. Rfe1 b4 18. Nd1 e6 19. Ne3 exd5 20. exd5 Qf6 21. Ra7 Rfc8 22. Bc4 Ra8 23. Rb7 Rab8 24. Rxb8 Rxb8 25. Ng4 Bxg4 26. hxg4 Re8 27. g5 Qc3 28. Rxe8 Qxd2 29. Nxd2 Nxe8 30. Ne4 Kf8 31. f4 Ke7 32. Kf2 f5 33. gxf6+ Nxf6 34. Nxf6 Kxf6 35. Kf3 h5 36. Ke4 g5 37. Be2 gxf4 38. Bxh5 Kg5 39. Be8 Nc8 40. Bd7 Ne7 41. Be6 Ng6 42. Bf5 Ne5 43. Be6 Ng6 44. Bf5 Nf8 45. Bc8 Nh7 46. Be6 Nf6+ 47. Kf3 Nh5 48. Bf7 Ng3 49. Be6 Nf1 50. Ke2 Ne3 51. Kd3 Nxg2 52. c3 Ne3 53. cxb4 cxb4 54. Ke4 Nf1 55. Bh3 Nd2+ 56. Kd3 Nxb3 57. Kc4 Nc5 58. Kxb4 f3 59. Kb5 Kf4 60. Kc6 Ne4 61. Kd7 f2 62. Ke6 Ng5+ 63. Kxd6 Nxh3 64. Kc7 f1Q 65. d6 Qc4+ 66. Kd8 Qg8+ 67. Kc7 Ng5 68. d7 Nf7 0-1

[Event "Titled Tuesday intern op 13th Dec Late"]
[Site "Chess.com INT"]
[Date "2022.12.13"]
[Round "8"]
[White "Fernandez de La Vara, Arnaldo"]
[Black "Karas, Marek"]
[Result "0-1"]
[WhiteElo "2462"]
[BlackElo "2240"]
[PlyCount "164"]
[EventDate "2022.12.13"]
[EventType "swiss (blitz)"]
[EventRounds "11"]
[EventCountry "USA"]
[SourceTitle "EXT 2024"]
[Source "ChessBase"]
[SourceDate "2023.10.10"]
[SourceVersion "1"]
[SourceVersionDate "2023.10.10"]
[SourceQuality "1"]

1. Nf3 g6 2. c4 Bg7 3. Nc3 e6 4. g3 d6 5. Bg2 Ne7 6. b3 0-0 7. Bb2 c5 8. d4 cxd4 9. Nxd4 Nbc6 10. Nc2 Qa5 11. Qd2 d5 12. cxd5 Nxd5 13. Bxd5 exd5 14. Na4 Qxd2+ 15. Kxd2 d4 16. Nc5 b6 17. Nd3 Bb7 18. Rhe1 Rfe8 19. Rad1 Rad8 20. Kc1 Bf6 21. e4 Bg7 22. f3 h5 23. Ncb4 Nxb4 24. Nxb4 Rc8+ 25. Kb1 Red8 26. Rd2 a5 27. Nd3 Bh6 28. Nf4 Bxf4 29. gxf4 d3 30. Rc1 Rxc1+ 31. Kxc1 Bc8 32. Rg2 Bh3 33. Rf2 Rc8+ 34. Kd2 Rd8 35. Ke3 Bc8 36. Bd4 b5 37. Kxd3 Ba6 38. Rc2 Rc8 39. Bc5 a4 40. b4 Rd8+ 41. Bd4 Bc8 42. Rc7 Be6 43. a3 Bc4+ 44. Ke3 Re8 45. Be5 Rd8 46. Bd4 Kf8 47. Rc5 Ke7 48. h4 Rd7 49. f5 Rb7 50. Re5+ Kd7 51. f6 Be6 52. Rc5 Bc4 53. f4 Rc7 54. Re5 Kc8 55. f5 gxf5 56. Rxf5 Kd7 57. Rxh5 Rc8 58. Rg5 Rh8 59. h5 Ke6 60. Re5+ Kd6 61. Rg5 Ke6 62. Kf3 Bd3 63. e5 Bc2 64. Kg4 Bd1+ 65. Kh4 Be2 66. Be3 Bd1 67. Bd2 Be2 68. Bf4 Bf3 69. Kg3 Bxh5 70. Kf2 Bg6 71. Rg3 Rd8 72. Ke2 Rd5 73. Rc3 Kf5 74. Ke3 Rd1 75. Rc5 Re1+ 76. Kd2 Ra1 77. Be3 Ra2+ 78. Kc3 Rxa3+ 79. Kd4 Ke6 80. Rc6+ Kf5 81. Rc5 Kg4 82. Bf2 Rd3# 0-1

[Event "Titled Tuesday intern op 13th Dec Late"]
[Site "Chess.com INT"]
[Date "2022.12.13"]
[Round "3"]
[White "Fernandez de La Vara, Arnaldo"]
[Black "Mickiewicz, Piotr"]
[Result "1-0"]
[WhiteElo "2462"]
[BlackElo "2272"]
[PlyCount "75"]
[EventDate "2022.12.13"]
[EventType "swiss (blitz)"]
[EventRounds "11"]
[EventCountry "USA"]
[SourceTitle "EXT 2024"]
[Source "ChessBase"]
[SourceDate "2023.10.10"]
[SourceVersion "1"]
[SourceVersionDate "2023.10.10"]
[SourceQuality "1"]

1. Nf3 c5 2. g3 g6 3. c4 Bg7 4. d4 cxd4 5. Nxd4 Nc6 6. Nc2 h5 7. h4 Nh6 8. Nc3 Nf5 9. Qd2 d6 10. b3 Be6 11. Bg2 Qa5 12. Bb2 Rb8 13. Na4 Qxd2+ 14. Kxd2 Bxb2 15. Nxb2 0-0 16. Nd3 Rfc8 17. Ndb4 Ne5 18. Rac1 b5 19. Na6 bxc4 20. Nxb8 cxb3 21. axb3 Rxb8 22. e4 Nh6 23. Nd4 Nhg4 24. f3 Nf2 25. Rhf1 Nfd3 26. Rc7 Nc5 27. f4 Nxb3+ 28. Nxb3 Nc4+ 29. Kc3 Ne3 30. Nd4 Nxg2 31. Nxe6 fxe6 32. Rxe7 Rb5 33. Rxe6 Rc5+ 34. Kd2 Ra5 35. Rxd6 Ra2+ 36. Kd3 Ra3+ 37. Kd4 Ne3 38. Rc1 1-0

[Event "Titled Tuesday intern op 13th Dec Early"]
[Site "Chess.com INT"]
[Date "2022.12.13"]
[Round "6"]
[White "Fernandez de La Vara, Arnaldo"]
[Black "Moroni, Luca Jr"]
[Result "0-1"]
[WhiteElo "2462"]
[BlackElo "2576"]
[PlyCount "46"]
[EventDate "2022.12.13"]
[EventType "swiss (blitz)"]
[EventRounds "11"]
[EventCountry "USA"]
[SourceTitle "EXT 2024"]
[Source "ChessBase"]
[SourceDate "2023.10.10"]
[SourceVersion "1"]
[SourceVersionDate "2023.10.10"]
[SourceQuality "1"]

1. Nf3 g6 2. g3 Bg7 3. d4 d6 4. b3 Bd7 5. Bb2 Qc8 6. Bg2 Nc6 7. c4 Bh3 8. 0-0 h5 9. Nc3 h4 10. Nd5 hxg3 11. fxg3 Bxg2 12. Kxg2 Qh3+ 13. Kg1 0-0-0 14. Qd2 e5 15. e3 f6 16. Qg2 Qh6 17. g4 Nge7 18. g5 fxg5 19. Qxg5 Nxd5 20. cxd5 Nb4 21. dxe5 Nxd5 22. Rf2 dxe5 23. Qxg6 Qxg6+ 0-1

[Event "Titled Tuesday intern op 13th Dec Early"]
[Site "Chess.com INT"]
[Date "2022.12.13"]
[Round "11"]
[White "Gabdrakhmanov, Azat"]
[Black "Fernandez de La Vara, Arnaldo"]
[Result "0-1"]
[WhiteElo "2319"]
[BlackElo "2462"]
[PlyCount "154"]
[EventDate "2022.12.13"]
[EventType "swiss (blitz)"]
[EventRounds "11"]
[EventCountry "USA"]
[SourceTitle "EXT 2024"]
[Source "ChessBase"]
[SourceDate "2023.10.10"]
[SourceVersion "1"]
[SourceVersionDate "2023.10.10"]
[SourceQuality "1"]

1. e4 c5 2. Nf3 e6 3. d4 cxd4 4. Nxd4 a6 5. Nc3 Qc7 6. Be2 Nf6 7. 0-0 d6 8. Be3 Nbd7 9. f4 b5 10. a3 Bb7 11. Bf3 Nc5 12. e5 dxe5 13. fxe5 Qxe5 14. Bf2 Qc7 15. Kh1 Be7 16. b4 Ncd7 17. Bg3 Qc8 18. Bxb7 Qxb7 19. Qe2 Rc8 20. Rf3 0-0 21. h3 Nb6 22. Raf1 Rc4 23. Nb3 Qc8 24. Be5 Nbd7 25. Na5 Nxe5 26. Qxe5 Rc7 27. Ne4 Nxe4 28. Qxe4 Rxc2 29. Rg3 Rc1 30. Rgf3 Qc2 31. Qf4 Rxf1+ 32. Rxf1 Qc3 33. Rf3 Qa1+ 34. Kh2 Qd1 35. Nb7 Qd7 36. Nc5 Qd6 37. Qxd6 Bxd6+ 38. Kg1 Bxc5+ 39. bxc5 Rc8 40. Rc3 Kf8 41. Kf2 Ke7 42. Ke3 Kd7 43. Kd4 Kc6 44. Ke4 Rd8 45. Rf3 Rd7 46. Ke5 Kxc5 47. Rc3+ Kb6 48. g4 Rd5+ 49. Ke4 Rc5 50. Rd3 Kc7 51. Ke3 f6 52. Ke4 Rc4+ 53. Ke3 a5 54. Rb3 b4 55. axb4 axb4 56. Kd3 Rc3+ 57. Rxc3+ bxc3 58. Kxc3 Kd6 59. Kd4 e5+ 60. Ke4 Ke6 61. Ke3 g6 62. Ke4 f5+ 63. gxf5+ gxf5+ 64. Kf3 Kd5 65. Ke3 f4+ 66. Kf3 Kd4 67. h4 h5 68. Kf2 Kd3 69. Kf3 e4+ 70. Kxf4 e3 71. Kg5 e2 72. Kxh5 e1Q 73. Kg5 Qg3+ 74. Kh5 Ke4 75. Kh6 Kf5 76. h5 Kf6 77. Kh7 Qg7# 0-1

[Event "Titled Tuesday intern op 13th Dec Early"]
[Site "Chess.com INT"]
[Date "2022.12.13"]
[Round "7"]
[White "Jaskolka, Tomasz"]
[Black "Fernandez de La Vara, Arnaldo"]
[Result "0-1"]
[WhiteElo "2188"]
[BlackElo "2462"]
[PlyCount "40"]
[EventDate "2022.12.13"]
[EventType "swiss (blitz)"]
[EventRounds "11"]
[EventCountry "USA"]
[SourceTitle "EXT 2024"]
[Source "ChessBase"]
[SourceDate "2023.10.10"]
[SourceVersion "1"]
[SourceVersionDate "2023.10.10"]
[SourceQuality "1"]

1. d4 c5 2. e3 Nf6 3. Nf3 d5 4. c3 Nc6 5. b3 e6 6. Bb2 Qc7 7. Nbd2 Bd6 8. Bd3 0-0 9. 0-0 b6 10. Re1 Bb7 11. e4 cxd4 12. cxd4 Nb4 13. Bb1 dxe4 14. Ng5 Bxh2+ 15. Kh1 Nd3 16. Bxd3 exd3 17. Ndf3 Ng4 18. Rf1 Bf4 19. Qxd3 Bxg5 20. Nxg5 Qh2# 0-1

[Event "Titled Tuesday intern op 13th Dec Late"]
[Site "Chess.com INT"]
[Date "2022.12.13"]
[Round "5"]
[White "Yanchenko, Roman"]
[Black "Fernandez de La Vara, Arnaldo"]
[Result "0-1"]
[WhiteElo "2466"]
[BlackElo "2462"]
[PlyCount "80"]
[EventDate "2022.12.13"]
[EventType "swiss (blitz)"]
[EventRounds "11"]
[EventCountry "USA"]
[SourceTitle "EXT 2024"]
[Source "ChessBase"]
[SourceDate "2023.10.10"]
[SourceVersion "1"]
[SourceVersionDate "2023.10.10"]
[SourceQuality "1"]

1. d4 c5 2. e3 Nf6 3. Nf3 d5 4. a3 cxd4 5. exd4 Nc6 6. c4 g6 7. h3 Bg7 8. Nc3 0-0 9. Be3 b6 10. Rc1 Bb7 11. cxd5 Nxd5 12. Nxd5 Qxd5 13. Bc4 Qd6 14. 0-0 Rfd8 15. Qe2 Rac8 16. Rfd1 Qb8 17. Bg5 Bf6 18. Bxf6 exf6 19. Ba2 Qf4 20. d5 Nd4 21. Qe3 Qxe3 22. Rxc8 Nxf3+ 23. gxf3 Qe8 24. Rc7 Rd7 25. d6 Qd8 26. Rdc1 Ba6 27. b4 Rxd6 28. Bxf7+ Kh8 29. b5 Rd1+ 30. Kg2 Rxc1 31. Rxc1 Bxb5 32. Be6 Qe7 33. Bd5 Kg7 34. f4 Bd7 35. Rc7 Qd6 36. Rxa7 Qxd5+ 37. Kg3 Kh6 38. f3 Bc6 39. f5 Qxf3+ 40. Kh4 Qf4# 0-1

[Event "Titled Tuesday intern op 06th Dec Late"]
[Site "Chess.com INT"]
[Date "2022.12.06"]
[Round "5"]
[White "Fernandez de La Vara, Arnaldo"]
[Black "Kovacevic, Radmila"]
[Result "1-0"]
[WhiteElo "2462"]
[BlackElo "2106"]
[PlyCount "101"]
[EventDate "2022.12.06"]
[EventType "swiss (blitz)"]
[EventRounds "11"]
[EventCountry "USA"]
[SourceTitle "CBM 211 Extra"]
[Source "ChessBase"]
[SourceDate "2023.01.31"]
[SourceVersion "1"]
[SourceVersionDate "2023.01.31"]
[SourceQuality "1"]

1. e4 e5 2. Nf3 f5 3. d3 Nc6 4. Nc3 Nf6 5. a3 d5 6. exd5 Nxd5 7. Bd2 Be7 8. g3 0-0 9. Bg2 Nxc3 10. Bxc3 Bf6 11. 0-0 Qd6 12. Re1 Be6 13. Qe2 Bd5 14. Nxe5 Bxg2 15. Kxg2 f4 16. Nc4 Qd5+ 17. Qe4 f3+ 18. Kh1 Qh5 19. Ne3 Bxc3 20. bxc3 Qh3 21. Qg4 Qh6 22. Nf5 Qf6 23. Nd4 Ne5 24. Qe6+ Qxe6 25. Nxe6 Rf5 26. h3 h5 27. Nd4 Rg5 28. h4 Ng4 29. hxg5 Nxf2+ 30. Kg1 Nh3+ 31. Kh2 Nxg5 32. Re5 Nf7 33. Rxh5 f2 34. Rf1 g6 35. Rc5 b6 36. Rxc7 Ne5 37. Rxf2 Ng4+ 38. Kg2 Nxf2 39. Kxf2 a5 40. Ne6 Rf8+ 41. Nxf8 Kxf8 42. Rc6 a4 43. Rxb6 Kf7 44. c4 Kg7 45. c5 Kh6 46. c6 Kg5 47. c7 Kg4 48. c8Q+ Kh5 49. Qh8+ Kg5 50. Qh4+ Kf5 51. Qf4# 1-0

[Event "Titled Tuesday intern op 06th Dec Late"]
[Site "Chess.com INT"]
[Date "2022.12.06"]
[Round "11"]
[White "Fernandez de La Vara, Arnaldo"]
[Black "Omelja, Artem"]
[Result "1-0"]
[WhiteElo "2462"]
[BlackElo "2443"]
[PlyCount "57"]
[EventDate "2022.12.06"]
[EventType "swiss (blitz)"]
[EventRounds "11"]
[EventCountry "USA"]
[SourceTitle "CBM 211 Extra"]
[Source "ChessBase"]
[SourceDate "2023.01.31"]
[SourceVersion "1"]
[SourceVersionDate "2023.01.31"]
[SourceQuality "1"]

1. Nf3 d5 2. g3 c6 3. Bg2 h5 4. 0-0 Nd7 5. c4 e5 6. d4 e4 7. Ne5 Nxe5 8. dxe5 h4 9. Nc3 Be6 10. cxd5 cxd5 11. Qa4+ Qd7 12. Qxd7+ Kxd7 13. Rd1 hxg3 14. hxg3 Kc6 15. Be3 Bb4 16. Nxd5 Bxd5 17. Rac1+ Kd7 18. Rxd5+ Ke6 19. Rb5 Be7 20. Bxe4 f6 21. Bd5+ Kf5 22. exf6 Nxf6 23. Bxb7+ Kg6 24. Bxa8 Rxa8 25. Rc7 Bd6 26. Rg5+ Kh6 27. Rcxg7 Ne4 28. R5g6+ Kh5 29. Rh6# 1-0

[Event "Titled Tuesday intern op 06th Dec Late"]
[Site "Chess.com INT"]
[Date "2022.12.06"]
[Round "7"]
[White "Fernandez de La Vara, Arnaldo"]
[Black "Winterberg, Lukas"]
[Result "0-1"]
[WhiteElo "2462"]
[BlackElo "2402"]
[PlyCount "96"]
[EventDate "2022.12.06"]
[EventType "swiss (blitz)"]
[EventRounds "11"]
[EventCountry "USA"]
[SourceTitle "CBM 211 Extra"]
[Source "ChessBase"]
[SourceDate "2023.01.31"]
[SourceVersion "1"]
[SourceVersionDate "2023.01.31"]
[SourceQuality "1"]

1. Nf3 Nf6 2. b3 d5 3. c4 c5 4. cxd5 Nxd5 5. g3 Nc6 6. Bb2 f6 7. Bg2 e5 8. 0-0 Be6 9. d3 Be7 10. Nbd2 0-0 11. a3 Kh8 12. e3 Qd7 13. Qc2 Rac8 14. Rac1 Rfd8 15. Rfd1 Nb6 16. Nc4 Nxc4 17. bxc4 Bf5 18. Nh4 Bxd3 19. Qc3 g5 20. Bf1 e4 21. Nf3 Qf5 22. Bxd3 Qxf3 23. Bc2 Ne5 24. Qb3 Ng4 25. Rf1 Rd2 26. Bd1 Qf5 27. Qxb7 Nxf2 28. Bh5 Bd6 29. Qf7 Rxb2 30. Rcd1 Bf8 31. Qd5 Qxd5 32. Rxd5 Nd3 33. Rxf6 Bg7 34. Rf7 Rb1+ 35. Kg2 Rb2+ 36. Kg1 Rf8 37. Rdd7 Rxf7 38. Bxf7 Rb1+ 39. Kg2 Rb2+ 40. Kf1 Ne5 41. Rd8+ Bf8 42. Bd5 Kg7 43. Bxe4 Ng4 44. Ke1 Nxe3 45. Rd7+ Kf6 46. Rxh7 Bg7 47. h4 gxh4 48. Rh6+ Bxh6 0-1

[Event "Titled Tuesday intern op 06th Dec Late"]
[Site "Chess.com INT"]
[Date "2022.12.06"]
[Round "9"]
[White "Mazurkiewicz, Michal"]
[Black "Fernandez de La Vara, Arnaldo"]
[Result "1-0"]
[WhiteElo "2163"]
[BlackElo "2462"]
[PlyCount "67"]
[EventDate "2022.12.06"]
[EventType "swiss (blitz)"]
[EventRounds "11"]
[EventCountry "USA"]
[SourceTitle "CBM 211 Extra"]
[Source "ChessBase"]
[SourceDate "2023.01.31"]
[SourceVersion "1"]
[SourceVersionDate "2023.01.31"]
[SourceQuality "1"]

1. e4 c5 2. Nf3 e6 3. d3 Nc6 4. g3 g6 5. Bg2 Bg7 6. 0-0 Nge7 7. Re1 d5 8. Nbd2 0-0 9. e5 f6 10. exf6 Bxf6 11. c3 g5 12. Nb3 g4 13. Ng5 e5 14. Nxc5 Qd6 15. d4 h6 16. dxe5 Bxe5 17. Nd3 Bg7 18. Bf4 Qg6 19. Ne5 Nxe5 20. Bxe5 Qxg5 21. Bd6 Bf6 22. Bxd5+ Kg7 23. Bf4 Qg6 24. Be4 Bf5 25. Bxb7 Rad8 26. Qb3 h5 27. Qa3 Qf7 28. Bg2 Ng6 29. Qa6 Nxf4 30. gxf4 Kh7 31. Rad1 Rxd1 32. Rxd1 Rd8 33. Rf1 Bg7 34. Qb7 1-0

[Event "Titled Tuesday intern op 29th Nov Late"]
[Site "Chess.com INT"]
[Date "2022.11.29"]
[Round "1"]
[White "Dylag, Emilia"]
[Black "Fernandez de La Vara, Arnaldo"]
[Result "0-1"]
[WhiteElo "2046"]
[BlackElo "2462"]
[PlyCount "58"]
[EventDate "2022.11.29"]
[EventType "swiss (blitz)"]
[EventRounds "11"]
[EventCountry "USA"]
[SourceTitle "EXT 2024"]
[Source "ChessBase"]
[SourceDate "2023.10.10"]
[SourceVersion "1"]
[SourceVersionDate "2023.10.10"]
[SourceQuality "1"]

1. d4 c5 2. d5 Nf6 3. c4 b5 4. Qc2 bxc4 5. e4 e6 6. Bxc4 d6 7. Nf3 Be7 8. 0-0 exd5 9. exd5 Nbd7 10. Re1 Nb6 11. Na3 0-0 12. Bg5 h6 13. Bh4 Bg4 14. Re3 Nfxd5 15. Bxe7 Nxe3 16. Qe4 Re8 17. fxe3 Bxf3 18. Bxd8 Bxe4 19. Bc7 Nxc4 20. Nxc4 d5 21. Na5 Re6 22. Nb3 Rae8 23. Nxc5 Rc6 24. Nxe4 Rxc7 25. Nc3 Rc5 26. Kf2 Rb8 27. Na4 Rc2+ 28. Kf3 d4 29. b3 dxe3 0-1

[Event "Titled Tuesday intern op 29th Nov Early"]
[Site "Chess.com INT"]
[Date "2022.11.29"]
[Round "1"]
[White "Fernandez de La Vara, Arnaldo"]
[Black "Ciuffoletti, Paolo"]
[Result "1-0"]
[WhiteElo "2462"]
[BlackElo "2106"]
[PlyCount "57"]
[EventDate "2022.11.29"]
[EventType "swiss (blitz)"]
[EventRounds "11"]
[EventCountry "USA"]
[SourceTitle "EXT 2024"]
[Source "ChessBase"]
[SourceDate "2023.10.10"]
[SourceVersion "1"]
[SourceVersionDate "2023.10.10"]
[SourceQuality "1"]

1. Nf3 d5 2. g3 Nf6 3. Bg2 g6 4. b3 Bg7 5. Bb2 0-0 6. c4 c5 7. cxd5 Nxd5 8. Bxg7 Kxg7 9. 0-0 Nc6 10. d4 cxd4 11. Nxd4 e5 12. Nxc6 bxc6 13. Qc2 Qb6 14. Nd2 Ba6 15. Nc4 Bxc4 16. Qxc4 Rfd8 17. Rac1 Rac8 18. Rfd1 Ne7 19. h4 Rxd1+ 20. Rxd1 Rd8 21. Rxd8 Qxd8 22. Qc5 f6 23. Qxa7 Kh8 24. Kh2 Nf5 25. Bxc6 Qd2 26. Qf7 Qd6 27. Bd5 Nh6 28. Qb7 Ng4+ 29. Kg2 1-0

[Event "Titled Tuesday intern op 29th Nov Early"]
[Site "Chess.com INT"]
[Date "2022.11.29"]
[Round "6"]
[White "Fernandez de La Vara, Arnaldo"]
[Black "Hovhannisyan, Robert"]
[Result "1-0"]
[WhiteElo "2462"]
[BlackElo "2597"]
[PlyCount "105"]
[EventDate "2022.11.29"]
[EventType "swiss (blitz)"]
[EventRounds "11"]
[EventCountry "USA"]
[SourceTitle "EXT 2024"]
[Source "ChessBase"]
[SourceDate "2023.10.10"]
[SourceVersion "1"]
[SourceVersionDate "2023.10.10"]
[SourceQuality "1"]

1. Nf3 d5 2. g3 Bg4 3. Bg2 e6 4. 0-0 Nf6 5. b3 Nbd7 6. Bb2 c6 7. c4 Bd6 8. Nc3 0-0 9. d4 h6 10. Nd2 Qe7 11. Qc2 Bf5 12. e4 dxe4 13. Ndxe4 Bb4 14. Qe2 Nxe4 15. Bxe4 Bxc3 16. Bxc3 Bxe4 17. Qxe4 Nf6 18. Qh4 Rfd8 19. Rfe1 Qd7 20. d5 cxd5 21. Bxf6 gxf6 22. Qxf6 dxc4 23. Re4 Qd2 24. Rg4+ Kf8 25. Rg7 Rd7 26. Rh7 Qg5 27. Qxg5 hxg5 28. Rh8+ Ke7 29. Rxa8 cxb3 30. Rxa7 bxa2 31. R1xa2 Kf6 32. Rb2 Kf5 33. Rbxb7 Rd1+ 34. Kg2 f6 35. h3 Rd6 36. Rg7 Rc6 37. Raf7 e5 38. Rh7 e4 39. g4+ Ke5 40. Re7+ Kf4 41. Rhf7 Rd6 42. Re8 Rc6 43. Rfe7 Rc4 44. Re6 f5 45. Rf8 Rc5 46. Rxf5+ Rxf5 47. gxf5 g4 48. hxg4 e3 49. Rxe3 Kg5 50. f6 Kh4 51. f7 Kg5 52. f8Q Kh4 53. Qh6+ 1-0